000 00367nam a2200157Ia 4500
003 Ost
005 20260225132547.0
008 260225s9999||||xx |||||||||||||| ||und||
040 _cfsic
041 _afre
082 _a440
100 _aFrancesco Gabrieli
_eAuteur
245 0 _aChroniques arabes des croisades /
245 0 _cFrancesco Gabrieli
942 _cكتاب
999 _c33884
_d33884